000 00891 a2200217 4500
001 55401
005 20260407155828.0
008 260407a1983 arg spa d
003 AR-UNSa-BCEJYS
040 _aAR-UNSa-BCEJYS
_bspa
_cAR-UNSa-BCEJYS
080 _a340.12
_xTendencias en la teoría del derecho. Escuelas, doctrinas jurídicas. Filosofía del derecho. Teorías sobre el Estado y el derecho
245 1 0 _aLa prudencia jurídica
_pintroducción a la gnoseología del derecho
020 _a950-20-0111-7
264 1 _aBuenos Aires :
_bAbeledo Perrot
_c1983
300 _a235 p.
_c23 cm.
505 _a1. El justo concreto; 2. La noción de prudencia; 3. La iuris prudentia; 4. La deliberación; 5. Interpretación y previsión; 6. El silogismo judicial
041 _aspa
942 _cBK
590 _aniveau_biblio:m niveau_hierar:0
100 1 _aMassini-Correas, Carlos Ignacio
999 _c5934
_d5934